Najbiedniejsze Państwa Świata - Statystyki

Ogólne statystyki
  • Ten quiz został rozwiązany 174 razy
  • Średni wynik to 4 z 8
Statystyki odpowiedzi
PKO na Os Odpowiedż % Poprawnych
561,41 USD Somalia
66%
573,57 USD Niger
64%
307,87 USD Burundi
59%
569,41 USD Sudan Południowy
57%
515,48 USD Republika Środkowoafrykańska
49%
482,55 USD Malawi
35%
471,61 USD. Sierra Leone
34%
539,64 USD Madagaskar
33%
Nie znaleziono quizów pasujących do podanych kryteriów
Rozkład punktacji
Procent ludzi z każdym wynikiem
Percentyl według liczby udzielonych odpowiedzi
Twoja historia wyników
Nie rozwiązałeś tego quizu